| 000 | 00745nam a2200277Ia 4500 | ||
|---|---|---|---|
| 003 | OSt | ||
| 005 | 20221006155145.0 | ||
| 006 | a|||||r|||| 00| 0 | ||
| 007 | ta | ||
| 008 | 221006b |||||||| |||| 00| 0 eng d | ||
| 020 |
_cHK _0.80 |
||
| 024 | _a40,503 | ||
| 037 | _cTextual | ||
| 040 |
_aEASL _cEASL _beng |
||
| 041 |
_2eng _aeng |
||
| 082 | _aO41,3, L3 | ||
| 245 | 0 | _aLook far, fly far | |
| 260 |
_aHong Kong _bChao Yang Publishing Co. _c1973 |
||
| 300 |
_a40p. _ccm. |
||
| 490 |
_v CEL _aEnglish-Chinese series of new writings |
||
| 500 | _aBilingual - Chinese - English | ||
| 650 |
_a Bilingual - Chinese - English _9668611 |
||
| 650 | _aCEL | ||
| 942 |
_hO41,3, L3 _cTEXL _2CC |
||
| 999 |
_c1108589 _d1108589 |
||